JetPunk will be down very briefly at 3:00PM EST (12:00PM PST, 8:00PM GST)

Statistics for History of Belgium

Click here to take the quiz!

General Stats

  • This quiz has been taken 286 times
  • The average score is 12 of 20

Answer Stats

HintAnswer% Correct
Country Belgium colonized in 1885D.R. Congo
98%
Site of the last battle of NapoleonWaterloo
96%
Country it was part of until 1830Netherlands
90%
1920 Olympic host cityAntwerp
88%
Little blue comic figures
created by Peyo
The Smurfs
84%
King who owned and misused
the above
Leopold II
83%
Fictional detective of Agatha ChristieHercule Poirot
69%
Hitler invaded France via this forestArdennes
57%
City near where five WWI
battles were fought
Ypres
51%
African colonies Germany
ceded to Belgium after WWI
Rwanda
47%
Five-time Tour de France winnerEddy Merckx
45%
He became king of 2013Philippe
45%
Painter of fleshy womenPeter Paul
Rubens
45%
African colonies Germany
ceded to Belgium after WWI
Burundi
42%
German counter-offensive on
the Western front in late 1944
Battle of {Bulge}
42%
Country that controlled most of
Belgium before that country
Austria
41%
Conflict in which Belgium
succeeded from the above
Belgian
{Revolution}
40%
Painter who says what a pipe isn'tRené Magritte
39%
WWI plan in which Germany
invades France via neutral Belgium
{Schlieffen} Plan
28%
Roman province Belgium war part ofGallia {Belgica}
24%

Score Distribution

Percentile by Number Answered

Percent of People with Each Score

Your Score History

You have not taken this quiz